| 000 | 00869na a2200277 4500 | ||
|---|---|---|---|
| 001 | 17331 | ||
| 003 | MIRAKIL | ||
| 005 | 20181213154947.0 | ||
| 008 | 161024b tu 000 0 | ||
| 020 | _a9757558176 | ||
| 035 | _a17331 | ||
| 040 |
_aMilas _btur _cTR-AnCHP |
||
| 041 | _atur | ||
| 082 |
_a631.4 _bT26h 1997 |
||
| 090 | _a631.4 T26h 1997 | ||
| 111 |
_aTarım Haftası'97 Sempozyumu _d1997 |
||
| 245 |
_aHer yönüyle toprak _cHazırlayan TMMOB Ziraat Mühendisleri Odası, TÜBİTAK |
||
| 260 |
_a[Ankara] _bT.C.Ziraat Bankası Kültür Yayınları _c1997 |
||
| 300 |
_aii, 257 s. _btbl. _c23 sm |
||
| 490 |
_aT.C.Ziraat Bankası Kültür Yayınları _v33 |
||
| 650 |
_aToprak kullanımı _xToplantılar _zTürkiye |
||
| 650 |
_aToprak Bilimi _xToplantılar |
||
| 710 | _aTÜBİTAK | ||
| 710 | _aTMMOB Ziraat Mühendisleri Odası | ||
| 942 |
_2dcc _cBKS |
||
| 999 |
_c3917 _d3917 |
||